| 000 | 00363 a2200157 4500 | ||
|---|---|---|---|
| 001 | 61986 | ||
| 020 | _a8573840153 | ||
| 040 | _cAnchieta - Pituba | ||
| 100 | _aBrito, Bernardo Gomes | ||
| 240 | 1 | 0 |
_aHistória trágico-marítima _lpor |
| 245 | 1 | 0 | _aHistória trágico-marítima |
| 300 | _a543 | ||
| 362 | 0 | _a1998 | |
| 650 | 4 | _aGeografia e viagens | |
| 942 | _cBK | ||
| 999 |
_c61986 _d61986 |
||